Vincitori Eredivisie - Statistics

Statistiche generali
  • Questo quiz è stato fatto 325 volte
    187 dall'ultimo reset
  • Il punteggio medio è 96 su 135
Statistiche sulle risposte
Edizione Campioni % Corretto
1917-1918 | 1918-1919 | 1930-1931 | +33 others Ajax
96%
1923-1924 | 1927-1928 | 1935-1936 | +13 others Feyenoord
93%
1928-1929 | 1934-1935 | 1950-1951 | +23 others PSV
93%
1980-1981 | 2008-2009 AZ Alkmaar
80%
2009-2010 Twente
72%
1908-1909 | 1910-1911 | 1911-1912 | +3 others Sparta Rotterdam
69%
1915-1916 | 1951-1952 | 1954-1955 Willem II
51%
1916-1917 | 1921-1922 | 1929-1930 | 1932-1933 Go Ahead Eagles
50%
1920-1921 NAC Breda
48%
1926-1927 | 1940-1941 Heracles Almelo
42%
1941-1942 | 1942-1943 ADO Den Haag
41%
1891-1892 | 1893-1894 | 1896-1897 | +2 others RAP
35%
1953-1954 Eindhoven
33%
1957-1958 DOS
30%
1925-1926 Enschede
30%
1889-1890 | 1892-1893 | 1894-1895 Koninklijke HFC
30%
1945-1946 Haarlem
29%
1943-1944 De Volewijckers
28%
1949-1950 Limburgia
28%
1888-1889 Concordia
27%
1963-1964 DWS
27%
1919-1920 Be Quick 1887
25%
1903-1904 | 1905-1906 | 1924-1925 HBS
25%
1890-1891 | 1895-1896 | 1899-1900 | +7 others HVV
25%
1947-1948 B.V.V.
23%
1907-1908 Quick Den Haag
23%
1955-1956 Rapid JC
20%
1948-1949 SVV
19%
1922-1923 | 1952-1953 RCH
17%
Nessun quiz corrispondente trovato
Distribuzione punteggi
Percentuale di utenti per punteggio
Percentile per numero di risposta
I tuoi punteggi nel tempo
Non hai fatto questo quiz dall'ultimo reset